| 000 | 02473nam a2200337 4500 | ||
|---|---|---|---|
| 003 | AR-BeUNQ | ||
| 005 | 20260505175152.0 | ||
| 008 | 230721b2022 ag bo||g ||||s00| 0 spa d | ||
| 040 |
_aAR-BeUNQ _bspa _eaacr _cAR-BeUNQ |
||
| 041 | _hspa | ||
| 044 | _aag | ||
| 082 |
_a982 _221 |
||
| 245 | 0 | 0 | _aMalvinas y el mar |
| 250 | _a1a ed. | ||
| 260 |
_aCiudad Autónoma de Buenos Aires : _bMinisterio de Educación, _c2022. |
||
| 300 |
_a123 p. : _bfot. col., mapas ; _c21 cm. |
||
| 500 | _aPrograma Educación y Memoria. | ||
| 504 | _aBibliografía al final de cada capítulo. | ||
| 505 | 0 | _aMemorias de Malvinas desde el Atlántico Sur -- Presentación -- Prólogo -- Orientaciones para el aula -- Las Malvinas y el Atlántico Sur: historia y soberanía desde el mar. Las Malvinas y los espacios marítimos argentinos. Las Malvinas en la historia política del Atlántico Sur. Escenas de hospitalidad en el mar argentino: el Diario de María Sáez de Vernet. Las razones del reclamo de ejercicio pleno de la soberanía. El Atlántico Sur en el siglo XX. Bibliografía -- El mar y la guerra: memorias de Malvinas desde el mar. Breve crónica de la guerra. El hundimiento del ARA General Belgrano: los lazos solidarios entre rescatistas y sobrevivientes. Memorias del Belgrano. La sanidad en el mar durante la guerra y el papel de las veteranas. El mar como reencuentro con la vida. La guerra narrada desde el mar en la literatura argentina. Bibliografía -- Las islas: imágenes de la Nación. Las islas y la construcción de la identidad nacional. Las Malvinas como símbolo nacional: disputas en la historia cultural argentina. Las Malvinas y la guerra: entre el "país de los cuentos" y el mapa borroneado. Pensar Malvinas desde las escuelas. Bibliografía. | |
| 650 | 7 |
_aHistoria argentina _2tha |
|
| 650 | 7 |
_aGuerra de Malvinas _2tha |
|
| 651 |
_aIslas Malvinas _2spines |
||
| 653 | _aSoberanía | ||
| 710 |
_aArgentina. _bMinisterio de Educación |
||
| 929 | 1 |
_aDONACION _bMinisterio de Educación de la Nación _d0 _e20230629 _fPAT0080210 _h1 _j61355 |
|
| 929 |
_aDONACION _bMinisterio de Educación de la Nación _e20230629 _fPAT0080211 _h2 _j61356 _c0 |
||
| 929 |
_aDONACION _bMinisterio de Educación de la Nación _e20230629 _fPAT0084979 _h5 _j62250 |
||
| 929 |
_aDONACION _bMinsiterio de Educación de la Nacion _d0 _e14-03-2024 _fPAT00822506 _h3 _j61498 _c0 |
||
| 929 |
_aDONACION _bMinsiterio de Educación de la Nacion _d0 _e14-03-2024 _fPAT0083823 _h4 _j61620 |
||
| 942 |
_cLIB _n0 |
||
| 999 |
_c949 _d949 |
||